| 000 | 00540nam a2200205Ia 4500 | ||
|---|---|---|---|
| 008 | 160418s9999 xx 000 0 und d | ||
| 020 | _a971-8845-35-6 | ||
| 050 | _aFIL PL 5539 | ||
| 050 | _b.J67 1968 | ||
| 100 | _aJose, Francisco Sionil. | ||
| 245 | 4 | _aThe God stealer and other stories / | |
| 245 | _cFrancisco Sionil Jose. | ||
| 260 | _aManila : | ||
| 260 | _bSolidaridad Pub. House, | ||
| 260 | _c2001 | ||
| 300 | _a259 pages : | ||
| 300 | _billustrations ; | ||
| 300 | _c18 cm. | ||
| 650 | _aPhilippine fiction (English). | ||
| 999 |
_c293586 _d293586 |
||